Inter-Asia cultural studies.

Bibliographic Details
Uniform Title:Inter-Asia cultural studies (Online)
Format: Journal
Language:English
Published: [London] : Routledge, [2000-]
Subjects:
Online Availability: Check for online availability

MARC

Tag First Indicator Second Indicator Subfields
LEADER 00000cas a2200000Ia 4500
001 in00002084413
005 20151102154602.0
006 m d
007 cr mnu--------
008 000802c20009999enktr pss 0 a0eng d
022 |y 1469-8447  |y 1464-9373 
029 1 |a OCLCS  |b 11223 
035 |a (OCoLC)ocm44708391 
037 |b Routledge, 11 New Fetter Lane, London EC4P 4EE, UK 
040 |a F#A  |c F#A  |d OCLCQ  |d MUQ  |d TXA  |d UtOrBLW 
043 |a a------ 
049 |a TXAM 
090 |a HM621  |b .I58 Electronic 
092 |a 306.95 
130 0 |a Inter-Asia cultural studies (Online) 
245 1 0 |a Inter-Asia cultural studies. 
264 1 |a [London] :  |b Routledge,  |c [2000-] 
264 4 |c ©2000- 
310 |a Three no. a year 
336 |a text  |b txt  |2 rdacontent 
337 |a computer  |b c  |2 rdamedia 
338 |a online resource  |b cr  |2 rdacarrier 
362 1 |a Print began with vol. 1, no. 1 (Apr. 2000). 
500 |a Title from journal information screen (viewed July 26, 2000). 
530 |a Also issued in print. 
538 |a Mode of access: World Wide Web. 
500 |a Electronic resource. 
650 0 |a Culture  |v Periodicals. 
651 0 |a Asia  |x Civilization  |v Periodicals. 
651 0 |a Asia  |x Social life and customs  |v Periodicals. 
650 6 |a Culture  |v Périodiques. 
651 6 |a Asie  |x Civilisation  |v Périodiques. 
651 6 |a Asie  |x Moeurs et coutumes  |v Périodiques. 
776 1 |t Inter-Asia cultural studies  |x 1464-9373  |w (OCoLC)44930008 
948 |a cataloged  |b h  |c 2005/11/22  |d c  |e pbump 
994 |a C0  |b TXA 
999 |a MARS 
999 f f |s c926ca3f-6f19-35cf-ae2a-f6c8c8f6eb87  |i ff8d791f-a3ee-3a26-9c25-d56d645dbaad  |t 0 
952 f f |a Texas A&M University  |b College Station  |c Electronic Resources  |d Available Online  |t 0  |e HM621 .I58  |g Electronic  |h Library of Congress classification 
998 f f |a HM621 .I58  |t 0  |l Available Online